| 000 | 00354nam a22001457a 4500 | ||
|---|---|---|---|
| 003 | OSt | ||
| 005 | 20160727222422.0 | ||
| 008 | 160628b xxu||||| |||| 00| 0 eng d | ||
| 040 | _cTEST | ||
| 100 |
_91292 _aJohri, B.M |
||
| 245 | _aGlimpses of Plant Life | ||
| 260 |
_aNEW YORK _bWESTERN PUB. _c2001 |
||
| 300 | _aGlimpses of Plant Life | ||
| 942 |
_2ddc _cBK |
||
| 999 |
_c1058 _d1058 |
||